00652cam a2200193 a 450000100100000000500170001000800410002702000150006804000230008308200220010610000320012824500590016026000320021930000210025144000340027250501100030665000190041665000230043500000425220240306164224.0990729s1999 sp 000 f spa  a8420484172 aDO-SdBNPcDLCdDLC aPe863.44bV297ó1 aVargas Llosa, Mario,d1936-10aObra reunida :bnarrativa breve /cMario Vargas Llosa. aMadrid :bAlfaguara,c1999. a733 p. ;c22 cm. 0aBiblioteca Mario Vargas Llosa0 aLos jefes -- Los cachorros -- Quién mató a Palomino Molero? -- El hablador -- Elogio de la madrastra. 4aNovela peruana 4aLiteratura peruana